[Event "57.SMM Gröden-ASD Arci BZ 1"]
[Site "?"]
[Date "2025.12.13"]
[Round "4.1"]
[White "Seresin, Francesco"]
[Black "Casadio, Niccolò"]
[Result "1/2-1/2"]
[WhiteElo "2309"]
[BlackElo "2240"]
[PlyCount "66"]
[EventDate "8.??.??"]
[SourceVersionDate "2025.12.14"]

{[%evp 0,66,19,30,20,-11,-12,-11,13,14,14,0,23,-21,-20,-28,-26,-32,-30,-10,-3,-16,-17,-32,-8,-5,13,-11,33,38,46,59,57,25,61,61,46,48,70,73,78,27,37,46,33,4,61,17,11,-46,11,-24,-20,-20,-19,-28,-28,-8,-8,-5,-14,-21,-13,-30,-2,-2,0,-2,0]} 1. Nf3 d5 2. g3 Nf6 3. Bg2 e6 4. O-O Be7 5. d3 O-O 6. a4 Nc6 7. Nbd2 e5 8. e4 dxe4 9. dxe4 Bc5 10. Qe2 a5 11. Nb3 Bd6 12. Nh4 Be6 13. Be3 Bxb3 14. cxb3 Nd4 15. Bxd4 exd4 16. Qc4 Bb4 17. Rad1 c5 18. e5 Nd7 19. f4 Nb6 20. Qe2 Qd7 21. Qe4 Rad8 22. Nf5 c4 23. bxc4 Nxc4 24. Rf2 d3 25. Qxc4 Qxf5 26. Be4 Qc8 27. Qxc8 Rxc8 28. Kg2 d2 29. Bxb7 Rc2 30. b3 Rd8 31. Ba6 Rc1 32. Rff1 Rc3 33. Rf3 Rc1 1/2-1/2

[Event "57.SMM Gröden-ASD Arci BZ 1"]
[Site "?"]
[Date "2025.12.13"]
[Round "4.3"]
[White "Perino, Alberto"]
[Black "Luciani, Valerio"]
[Result "0-1"]
[WhiteElo "2022"]
[BlackElo "2170"]
[PlyCount "54"]
[EventDate "8.??.??"]
[SourceVersionDate "2025.12.14"]

{[%evp 0,54,36,34,27,-11,-5,11,4,-13,-1,4,-2,-12,19,31,40,31,30,0,-1,-28,-18,-23,-22,-27,-8,5,9,4,-8,12,13,26,30,20,12,0,11,-13,-20,-17,-15,16,6,1,2,-32,-46,-8,-8,-464,-469,-469,-469,-469,-473]} 1. Nf3 d5 2. g3 c5 3. Bg2 Nc6 4. d4 Nf6 5. O-O e6 6. c4 Be7 7. cxd5 exd5 8. dxc5 Bxc5 9. b3 O-O 10. Ba3 Qb6 11. Bxc5 Qxc5 12. Qc1 Qb6 13. Nc3 Re8 14. Qd2 Bg4 15. Nxd5 Nxd5 16. Qxd5 Rxe2 17. Ng5 Rf8 18. Qd3 g6 19. Bxc6 Qxc6 20. h3 Re5 21. hxg4 Rxg5 22. Rac1 Qe6 23. Rc7 Qxg4 24. Rxb7 Rh5 25. Re1 Qh3 26. Qf3 Qh2+ 27. Kf1 Qh1+ 0-1

[Event "57.SMM Gröden-ASD Arci BZ 1"]
[Site "?"]
[Date "2025.12.13"]
[Round "4.4"]
[White "Demetz, Rainer"]
[Black "Zammarchi, Massimo"]
[Result "0-1"]
[WhiteElo "2213"]
[BlackElo "1993"]
[PlyCount "88"]
[EventDate "8.??.??"]
[SourceVersionDate "2025.12.14"]

{[%evp 0,88,28,20,21,24,13,8,17,-1,-6,0,0,-5,11,20,35,-38,-21,-51,-2,-24,-4,2,-1,-42,-48,-70,-51,-39,-42,-69,15,-36,-29,-48,-55,-93,-78,-118,-96,-114,-117,-117,-88,-99,-95,-98,-104,-100,-69,-69,-79,-94,-99,-103,-98,-115,-107,-108,-125,-224,-241,-242,-223,-221,-241,-236,-235,-262,-263,-301,-319,-307,-328,-388,-390,-898,-935,-939,-1367,-29987,-986,-1517,-469,-486,-548,-555,-573,-585,-595]} 1. e4 e5 2. Nf3 Nc6 3. Bb5 a6 4. Ba4 Nf6 5. d3 b5 6. Bb3 Be7 7. O-O O-O 8. c3 d5 9. Qe2 Bg4 10. h3 Bxf3 11. Qxf3 d4 12. g4 Na5 13. Bc2 c5 14. Nd2 Rc8 15. Rd1 g6 16. Nf1 Ne8 17. Ng3 Ng7 18. Bd2 Bg5 19. cxd4 cxd4 20. Bxa5 Qxa5 21. Bb3 Rc6 22. a4 b4 23. Bc4 Ne6 24. Ne2 Nf4 25. Nxf4 Bxf4 26. Kg2 Qd8 27. b3 Qh4 28. Ra2 a5 29. Rg1 Rf6 30. Kf1 Bh2 31. Qg2 Bxg1 32. Kxg1 Kg7 33. Rc2 Rc8 34. Rc1 Qg5 35. Rc2 h5 36. Qg3 hxg4 37. hxg4 Rh8 38. Kg2 Qh6 39. Kf1 Qh1+ 40. Ke2 Rf4 41. Rd2 Rh3 42. Rd1 Qxd1+ 43. Kxd1 Rxg3 44. fxg3 Rxg4 0-1

[Event "57.SMM Gröden-ASD Arci BZ 1"]
[Site "?"]
[Date "2025.12.13"]
[Round "4.5"]
[White "De Vita, Gianni"]
[Black "Bernardi, Ruben"]
[Result "0-1"]
[WhiteElo "1968"]
[BlackElo "2028"]
[PlyCount "120"]
[EventDate "8.??.??"]
[SourceVersionDate "2025.12.14"]

{[%evp 0,96,24,13,64,60,60,60,111,60,69,-1,82,63,63,23,17,5,5,3,22,-12,22,-63,44,0,0,0,0,0,23,-55,-55,-100,27,-114,-113,-103,-110,-110,-53,-89,-71,-86,-65,-83,-74,-58,-65,-85,-70,-70,-54,-74,-63,-76,-76,-69,-65,-84,-61,-73,-80,-86,-66,-95,-98,-105,-102,-99,-90,-99,-104,-104,-102,-105,-101,-105,-98,-111,-112,-118,-109,-111,-116,-141,-140,-140,-140,-205,-214,-239,-257,-268,-276,-298,-195,-208,-234]} 1. e4 d6 2. d4 Nf6 3. Nc3 e5 4. Nf3 Nbd7 5. g4 g6 6. g5 Nh5 7. Bc4 Bg7 8. Be3 O-O 9. Rg1 c6 10. a4 Qe7 11. Qd2 d5 12. exd5 exd4 13. Nxd4 Qb4 14. Be2 Nf4 15. O-O-O Nxe2+ 16. Qxe2 Nc5 17. Qd2 Nxa4 18. Nxa4 Qxa4 19. Nb3 cxd5 20. Qa5 Qxa5 21. Nxa5 Be6 22. c3 Rab8 23. Nb3 b6 24. Nd4 Bd7 25. Nc2 Be6 26. Nb4 Rbd8 27. Bd4 f6 28. gxf6 Bxf6 29. f4 Bg7 30. Bxg7 Kxg7 31. Rd4 Rf5 32. Rgd1 Rdf8 33. Nxd5 Bxd5 34. Rxd5 Rxf4 35. Rd7+ R8f7 36. Rxf7+ Rxf7 37. Rd2 g5 38. Kd1 Re7 39. Rd6 h5 40. Kd2 Rf7 41. Ke2 g4 42. Ke1 Rf3 43. Rd7+ Kg6 44. Rxa7 Rh3 45. Rb7 Rxh2 46. Rxb6+ Kf5 47. c4 Rc2 48. Rb5+ Kg6 49. c5 g3 50. Kf1 h4 51. Rb8 Rxc5 52. b4 Rc2 53. b5 Rb2 54. b6 Kg7 55. Rc8 Rxb6 56. Rc4 h3 57. Rg4+ Rg6 58. Rh4 Rh6 59. Rg4+ Kf6 60. Kg1 g2 0-1

[Event "57.SMM Gröden-ASD Arci BZ 1"]
[Site "?"]
[Date "2025.12.13"]
[Round "4.6"]
[White "Grossi, Christian"]
[Black "Benvenuto, Alexander"]
[Result "1-0"]
[WhiteElo "1986"]
[BlackElo "1805"]
[PlyCount "141"]
[EventDate "8.??.??"]
[SourceVersionDate "2025.12.14"]

1. d4 Nf6 2. c4 e6 3. Nf3 d5 4. Nc3 c6 5. Bg5 Nbd7 6. e3 Be7 7. Bd3 O-O 8. O-O dxc4 9. Bxc4 b5 10. Bd3 a6 11. Ne4 h6 12. Bxf6 Nxf6 13. Nxf6+ Bxf6 14. Rc1 Bb7 15. Be4 Qb6 16. Rc5 Be7 17. Rh5 f5 18. Qb3 fxe4 19. Qxe6+ Rf7 20. Ne5 Raf8 21. Nxf7 Rxf7 22. Qg6 Kf8 23. Rc1 Qa5 24. Rf5 Bf6 25. Qg3 Qd8 26. Rcc5 Bc8 27. Rf4 Qe8 28. Qg6 Be6 29. Rxe4 Qd7 30. Rh5 Bd5 31. Rf4 Bg5 32. Rxg5 hxg5 33. Qxg5 Rxf4 34. Qxf4+ Kg8 35. a3 Qe6 36. f3 a5 37. e4 a4 38. Qe3 Bb3 39. Kf2 Qc4 40. Qc3 Qe6 41. h3 Bc4 42. Qe3 Qf6 43. g4 Qd6 44. f4 Kf7 45. e5 Qe7 46. f5 Qh4+ 47. Qg3 Qg5 48. e6+ Kg8 49. Qe3 Qh4+ 50. Kg1 Qe7 51. Qe5 Bd5 52. Kh2 Qh4 53. Qg3 Qe7 54. Qb8+ Kh7 55. Qe5 Qh4 56. Qe3 Qe7 57. Kg3 Kg8 58. Qe5 Kh7 59. h4 Kg8 60. h5 Kh7 61. Kf4 Kh6 62. Kg3 Kh7 63. Qe3 Qd6+ 64. Kh3 Qe7 65. g5 Kg8 66. Kg4 Kh8 67. Qe5 Kg8 68. Qb8+ Qf8 69. Qxf8+ Kxf8 70. Kf4 Ke7 71. Ke5 1-0

[Event "57.SMM Brixen/Milland-SK Steinegg/Rk"]
[Site "?"]
[Date "2025.12.13"]
[Round "4.1"]
[White "Engl, Stefan"]
[Black "Brenninger, Daniel"]
[Result "0-1"]
[WhiteElo "2022"]
[BlackElo "2092"]
[PlyCount "84"]
[EventDate "2025.??.??"]
[SourceVersionDate "2025.12.13"]

{[%evp 0,84,35,44,42,37,33,-16,23,9,-11,-6,21,21,-15,-15,24,-20,-33,-37,3,-12,0,-26,-28,-31,1,-45,15,-56,-49,-41,-61,-65,-26,-93,-8,-25,-9,-58,-40,-42,-40,-90,-105,-158,-161,-163,-158,-212,-203,-419,-421,-419,-402,-446,-497,-455,-534,-549,-583,-594,-599,-568,-377,-377,-375,-383,-393,-403,-381,-409,-364,-360,-354,-359,-357,-399,-380,-419,-409,-824,-840,-910,-910,-931,-944]} 1. e4 e6 2. d4 d5 3. Bd3 dxe4 4. Bxe4 Nf6 5. Bf3 c5 6. Ne2 Nc6 7. Be3 Be7 8. dxc5 Qxd1+ 9. Kxd1 Ne5 10. Nd2 O-O 11. c3 Nxf3 12. Nxf3 Ne4 13. b4 Bd7 14. Nd2 Ba4+ 15. Nb3 a5 16. Kc2 Rfc8 17. Kd3 f5 18. f3 Rd8+ 19. Kc2 Nf6 20. Ned4 Nd5 21. Bd2 Nxb4+ 22. cxb4 Rxd4 23. Bc3 Rc4 24. Kd3 Bb5 25. a4 Rd8+ 26. Kc2 axb4 27. axb5 Rxc3+ 28. Kb2 Bf6 29. Rad1 Rxf3+ 30. Kc2 Rc3+ 31. Kb2 Rxc5+ 32. Kb1 Rxd1+ 33. Rxd1 Rxb5 34. Rd7 f4 35. Kc2 Rg5 36. Rd2 Kf7 37. Rf2 Rf5 38. Kd3 b5 39. Ke4 g5 40. h4 Re5+ 41. Kd3 Re3+ 42. Kc2 Rc3+ 0-1

[Event "57.SMM Brixen/Milland-SK Steinegg/Rk"]
[Site "?"]
[Date "2025.12.13"]
[Round "4.2"]
[White "Sader, Michael"]
[Black "Pichler, Martin"]
[Result "1-0"]
[WhiteElo "2039"]
[BlackElo "1962"]
[PlyCount "81"]
[EventDate "2025.??.??"]
[SourceVersionDate "2025.12.13"]

{[%evp 0,81,31,-16,56,55,51,36,33,37,33,12,10,18,21,24,31,21,43,36,45,32,82,92,98,98,120,114,136,130,136,119,136,75,89,91,91,78,78,33,67,73,74,72,78,74,91,84,103,115,134,130,241,246,220,189,262,251,257,288,290,311,315,295,441,518,549,551,551,546,546,622,626,672,675,722,718,586,535,641,637,640,843,911]} 1. c4 g6 2. Nc3 Nf6 3. e4 d6 4. d4 Bg7 5. f3 O-O 6. Be3 e5 7. d5 c6 8. Qd2 cxd5 9. cxd5 Nbd7 10. Bd3 Nb6 11. Nge2 Bd7 12. O-O h5 13. Rfc1 Ne8 14. a4 f5 15. a5 Nc8 16. Bb5 fxe4 17. Bxd7 Qxd7 18. fxe4 Ne7 19. a6 b6 20. Qd3 Nf6 21. h3 Rfc8 22. Kh2 Kh7 23. Ng1 Ne8 24. Nf3 Bf6 25. Qb5 Qd8 26. Ng5+ Bxg5 27. Bxg5 Rc5 28. Qd3 Qd7 29. Rf1 Ng8 30. Rf8 Nc7 31. Rf2 Ne8 32. Raf1 Ng7 33. Rf7 Qe8 34. Rb7 Rb8 35. Rxa7 Ra8 36. Rb7 Rb8 37. Rff7 Rxb7 38. Rxb7 Nh6 39. Bf6 Nf7 40. a7 Rc8 41. Qb5 1-0

[Event "57.SMM Brixen/Milland-SK Steinegg/Rk"]
[Site "?"]
[Date "2025.12.13"]
[Round "4.3"]
[White "Lantschner, Carmen"]
[Black "Paulmichl, Martin"]
[Result "0-1"]
[WhiteElo "1833"]
[BlackElo "1943"]
[PlyCount "58"]
[EventDate "2025.??.??"]
[SourceVersionDate "2025.12.13"]

{[%evp 0,58,32,32,32,44,44,42,75,71,42,31,31,12,34,14,4,-5,16,7,13,-6,12,1,-9,8,10,-17,-10,-10,197,-98,-107,-151,-151,-192,-192,-192,-154,-207,-207,-227,-195,-190,-192,-343,-353,-332,-341,-398,-398,-568,-601,-646,-531,-29993,-29994,-29995,-29996,-29997,-29998]} 1. e4 d5 2. exd5 Nf6 3. d4 Bg4 4. Be2 Bxe2 5. Qxe2 Qxd5 6. Nf3 e6 7. O-O Nc6 8. Rd1 Be7 9. Bf4 O-O-O 10. c4 Qf5 11. Bg3 g5 12. Nc3 g4 13. Ne5 Nxd4 14. Qe3 c5 15. Rac1 Nh5 16. f4 gxf3 17. Nxf3 Nxg3 18. hxg3 Bf6 19. Ne4 Nxf3+ 20. Qxf3 Bd4+ 21. Kf1 Rhg8 22. Rb1 Qxf3+ 23. gxf3 f5 24. Nd2 Rxg3 25. Ke2 Rg2+ 26. Ke1 Rdg8 27. Nb3 Rh2 28. Nd2 Rg1+ 29. Nf1 Rf2 0-1

[Event "57.SMM Brixen/Milland-SK Steinegg/Rk"]
[Site "?"]
[Date "2025.12.13"]
[Round "4.4"]
[White "Kues, Jarl-Hendrik"]
[Black "Psenner, Matthias"]
[Result "1/2-1/2"]
[WhiteElo "2149"]
[BlackElo "1732"]
[PlyCount "136"]
[EventDate "2025.??.??"]
[SourceVersionDate "2025.12.13"]

{[%evp 0,136,38,19,36,12,19,6,40,35,18,1,7,13,13,-1,1,13,18,17,35,44,56,30,34,42,47,38,31,48,29,29,30,18,19,18,28,21,24,0,24,24,29,18,19,16,20,20,22,21,24,21,22,33,36,33,32,30,35,35,40,55,25,28,28,28,27,34,28,28,28,32,28,28,28,28,37,45,48,89,83,82,125,55,48,63,17,17,19,19,19,19,19,18,19,17,17,17,17,17,7,7,7,17,17,17,17,19,17,17,17,17,17,17,17,17,17,17,17,17,17,17,17,17,17,17,17,17,17,17,17,17,17,17,17,17,17,17,17]} 1. Nf3 Nf6 2. e3 e6 3. Be2 c5 4. O-O Nc6 5. c4 Be7 6. Nc3 O-O 7. b3 d5 8. cxd5 exd5 9. d4 Ne4 10. Bb2 cxd4 11. Nxe4 dxe4 12. Nxd4 Nxd4 13. Qxd4 Bf6 14. Qxd8 Rxd8 15. Bxf6 gxf6 16. Rfd1 Be6 17. Kf1 f5 18. Ke1 Kg7 19. Rac1 Rxd1+ 20. Bxd1 Rc8 21. Rxc8 Bxc8 22. Kd2 Kf6 23. Kc3 Ke5 24. g3 b6 25. Bh5 Be6 26. Kb4 a6 27. Be2 Bc8 28. Bc4 f6 29. a4 Kd6 30. a5 b5 31. Bg8 h6 32. Bf7 Bd7 33. Bg6 Be6 34. Bh5 Kc6 35. Bd1 Kd6 36. Be2 Kc6 37. Kc3 Kc5 38. b4+ Kd5 39. f4 Kd6 40. Kd4 Bf7 41. Bd1 h5 42. Be2 Be8 43. Bf1 Bf7 44. Bg2 Be8 45. h3 Bg6 46. Bf1 Bh7 47. Be2 Bg6 48. Bd1 Bf7 49. Bc2 Bd5 50. Bb1 Kc6 51. Bc2 Kd6 52. Bd1 Bf7 53. Kc3 Kc6 54. Be2 Kd5 55. Bd1 Kc6 56. Kd4 Kd6 57. Bc2 Bd5 58. Kc3 Kc6 59. Bb1 Kd6 60. Kd4 Kc6 61. Kc3 Kd6 62. Kd2 Bb3 63. Kc3 Bd5 64. Bc2 Kc6 65. Bd1 Bf7 66. Be2 Kd5 67. Bd1 Kc6 68. Kd4 Kd6 1/2-1/2

[Event "57.SMM Brixen/Milland-SK Steinegg/Rk"]
[Site "?"]
[Date "2025.12.13"]
[Round "4.5"]
[White "Schroffenegger, Simon"]
[Black "Zuna, Lavdosh"]
[Result "0-1"]
[WhiteElo "1715"]
[BlackElo "1937"]
[PlyCount "126"]
[EventDate "2025.??.??"]
[SourceVersionDate "2025.12.13"]

{[%evp 0,126,24,24,68,34,12,-20,-54,-29,38,42,62,6,15,13,33,34,47,32,34,38,76,64,66,38,31,39,68,5,18,4,-6,-29,-21,-26,-26,-5,-1,-1,-19,-17,0,-25,-36,-42,-46,-58,-50,-58,-18,-44,-76,-125,-130,-130,-43,-41,-41,-41,0,-84,-103,-165,-83,-76,-78,-99,0,0,0,-21,0,0,4,0,0,-141,-157,-156,-176,-174,-174,-174,-176,-205,-210,-287,-117,-215,-121,-182,-187,-188,-194,-191,-196,-204,-69,-205,-137,-175,-76,-76,-80,-346,-345,-366,-379,-391,-386,-396,-386,-388,-431,-481,-471,-476,-489,-548,-574,-573,-595,-656,-692,-694,-715,-1071,-1169]} 1. e4 b6 2. Bc4 e6 3. e5 Bb7 4. Nf3 Ne7 5. d4 h6 6. Bf4 Ng6 7. Bg3 d5 8. Bd3 Ne7 9. Nc3 a6 10. Ne2 Bc6 11. O-O Bb5 12. a4 Bxd3 13. Qxd3 Nf5 14. Nd2 c5 15. c3 Nc6 16. f4 cxd4 17. cxd4 Ncxd4 18. Nxd4 Nxd4 19. Bf2 Nf5 20. Rac1 Bb4 21. Rfd1 Ne7 22. Nf3 O-O 23. Rc2 Bc5 24. Bxc5 bxc5 25. Rxc5 Qb6 26. Qc3 Rfc8 27. Rc1 Ng6 28. Qd4 Rxc5 29. Rxc5 Rb8 30. g3 Qb3 31. Nd2 Qxb2 32. Qxb2 Rxb2 33. Nf3 Ra2 34. Ra5 Ne7 35. Nd4 Rd2 36. Nf3 Rb2 37. Rxa6 Nf5 38. g4 Ne3 39. h3 Rg2+ 40. Kh1 Rf2 41. Nd4 Rxf4 42. Nc6 Rc4 43. Nd8 Rc7 44. a5 Kh7 45. Rc6 Ra7 46. a6 Nc4 47. Kg2 Nxe5 48. Rb6 Kg6 49. Nb7 Nd7 50. Rd6 Nb8 51. Nc5 Rc7 52. Nb7 Nxa6 53. Na5 Nc5 54. Nc6 Kf6 55. Nb4 Ke5 56. Rb6 Ke4 57. Nc2 Nd3 58. Na3 Nf4+ 59. Kh2 Rc3 60. Rb4+ d4 61. Nb5 Rxh3+ 62. Kg1 e5 63. Nd6+ Kf3 0-1

[Event "57.SMM Brixen/Milland-SK Steinegg/Rk"]
[Site "?"]
[Date "2025.12.13"]
[Round "4.6"]
[White "Kofler, Oswald"]
[Black "Lantschner, Alexander"]
[Result "1-0"]
[WhiteElo "1861"]
[BlackElo "1581"]
[PlyCount "177"]
[EventDate "2025.??.??"]
[SourceVersionDate "2025.12.13"]

{[%evp 0,177,25,20,20,18,16,28,37,18,14,8,22,9,13,-4,6,-2,0,-19,-16,-36,15,14,17,22,0,6,16,0,-4,0,16,0,36,0,12,10,-11,-36,29,38,36,35,42,42,42,72,73,72,76,76,77,76,78,69,69,84,123,64,147,147,144,149,152,146,146,142,148,114,102,56,143,140,196,181,179,40,68,23,7,-9,-9,-104,0,0,0,0,0,0,0,0,26,27,32,39,28,27,69,26,29,26,35,29,39,39,80,42,29993,-22,28,-53,-69,-93,45,46,12,25,20,0,68,66,52,0,11,32,39,-60,-114,-106,-45,-49,-49,-76,-45,-40,-40,-74,-159,-214,-110,-119,-147,-145,-147,-145,-131,-145,-165,-158,-136,-132,-28,-28,0,-132,-129,-97,-92,-134,0,0,0,0,0,0,0,0,507,507,537,537,547,547,567,577,1012,29978,29979,29980]} 1. e4 e5 2. Nf3 Nc6 3. Bc4 Bc5 4. O-O Nf6 5. d3 h6 6. Nc3 d6 7. h3 Be6 8. Bxe6 fxe6 9. Ne2 O-O 10. Ng3 Nh7 11. c3 Qf6 12. b4 Bb6 13. a4 a6 14. Qd2 Qg6 15. Kh2 Qf6 16. Bb2 Ne7 17. c4 Ng6 18. Nh5 Qf7 19. Qe2 Nf4 20. Nxf4 Qxf4+ 21. Kh1 Ng5 22. Bc1 Qf6 23. Nxg5 hxg5 24. Qg4 Bd4 25. Ra2 b6 26. Bxg5 Qg6 27. g3 Rf7 28. h4 Raf8 29. Kg2 Rf3 30. Qxf3 Rxf3 31. Kxf3 Qe8 32. b5 a5 33. Kg2 c6 34. f4 cxb5 35. cxb5 Qc8 36. fxe5 Bxe5 37. Rc1 Qe8 38. Rc6 Qh5 39. Rf2 Qd1 40. Rc8+ Kh7 41. Rff8 Qe1 42. Bf4 Qe2+ 43. Kh3 Qf1+ 44. Kg4 Qe2+ 45. Kg5 Bf6+ 46. Rxf6 gxf6+ 47. Kxf6 e5 48. Rc7+ Kg8 49. Bg5 Qxd3 50. Rg7+ Kh8 51. Rd7 Qxe4 52. Rxd6 Qxa4 53. Rxb6 e4 54. Re6 Qd4+ 55. Kf7 Qg7+ 56. Ke8 Qg8+ 57. Kd7 Qf7+ 58. Kd6 Qf8+ 59. Kd5 Qa8+ 60. Rc6 a4 61. Kxe4 a3 62. Bf6+ Kh7 63. Kf5 Qb7 64. Rc5 Qb6 65. Rd5 a2 66. g4 Qxf6+ 67. Kxf6 a1=Q+ 68. Re5 Qd4 69. g5 Kg8 70. h5 Qf4+ 71. Ke6 Qf7+ 72. Kd6 Qxh5 73. Rd5 Kf7 74. b6 Qh2+ 75. Kc6 Qb8 76. b7 Kg6 77. Rd7 Kxg5 78. Rc7 Qe8+ 79. Kb6 Qe6+ 80. Rc6 Qb3+ 81. Ka7 Qa4+ 82. Ra6 Qd4+ 83. Ka8 Qd3 84. Ra5+ Kf6 85. b8=Q Qe4+ 86. Ka7 Qe7+ 87. Qb7 Qd8 88. Qb6+ Qxb6+ 89. Kxb6 1-0

[Event "57.SMM CSK Merania-Deutschnofen/Alp"]
[Site "?"]
[Date "2025.12.13"]
[Round "4.1"]
[White "Zamengo, Fulvio"]
[Black "Bonagura, Stefano"]
[Result "1-0"]
[WhiteElo "2366"]
[BlackElo "2160"]
[PlyCount "71"]
[EventDate "2025.11.15"]
[SourceVersionDate "2024.11.03"]

{[%evp 0,71,19,27,65,83,82,66,87,74,22,45,40,28,18,32,23,30,8,39,19,10,15,-16,-35,-51,-58,-53,-63,-93,-53,-43,-60,-69,-70,-62,-65,-87,-73,-71,-82,-102,-57,-76,-70,-102,-86,-126,-44,-63,-72,-58,-37,-129,-33,-26,-10,-4,-7,-13,165,60,69,71,104,-2,152,155,510,705,774,909,908,1032]} 1. Nf3 g6 2. e4 Bg7 3. d4 d6 4. Bc4 Nf6 5. Qe2 O-O 6. O-O Bg4 7. Nbd2 Nc6 8. c3 e5 9. d5 Ne7 10. a4 Nh5 11. b4 Nf4 12. Qe1 Qc8 13. Kh1 Bxf3 14. gxf3 f5 15. Rg1 Kh8 16. Nf1 fxe4 17. fxe4 c6 18. dxc6 bxc6 19. Ng3 d5 20. Bf1 Ng8 21. Ra2 Qe6 22. Rd2 Nf6 23. Rd1 Rae8 24. b5 cxb5 25. Bxb5 Qh3 26. Bf1 Qh4 27. f3 dxe4 28. Nxe4 Qh5 29. Rg3 N6d5 30. c4 Ne7 31. Rd7 Qh4 32. Nd6 Nh5 33. Nxe8 Rxf3 34. Kg2 Nxg3 35. hxg3 Qg4 36. Rxe7 1-0

[Event "57.SMM CSK Merania-Deutschnofen/Alp"]
[Site "?"]
[Date "2025.12.13"]
[Round "4.2"]
[White "Lami, Damiano"]
[Black "Dappiano, Andrea"]
[Result "1/2-1/2"]
[WhiteElo "2093"]
[BlackElo "2292"]
[PlyCount "110"]
[EventDate "2025.11.15"]
[SourceVersionDate "2024.11.03"]

{[%evp 0,110,25,25,50,39,39,-12,-5,-1,18,18,14,18,47,-18,15,10,40,16,49,26,26,-6,0,0,44,26,23,25,24,13,13,-4,-2,-20,-15,-15,-10,-15,4,-11,-14,-32,-22,-30,-9,-22,-22,-14,14,2,8,8,11,0,0,0,0,-9,-9,-18,0,-20,-4,10,10,6,27,9,23,10,21,15,16,18,39,0,39,22,25,22,21,0,0,-19,-19,-7,-24,-20,-20,-20,33,-46,-43,-40,-42,-82,-42,-37,-38,-82,-82,-80,0,-3,-3,-3,-3,-3,-3,-3,-3]} 1. e4 e6 2. d4 d5 3. Bd3 dxe4 4. Bxe4 Nf6 5. Bf3 Bd6 6. Ne2 Nbd7 7. c4 c6 8. Nbc3 O-O 9. O-O Re8 10. Ng3 e5 11. Nce4 Nxe4 12. Nxe4 Bf8 13. d5 cxd5 14. cxd5 Nc5 15. Nxc5 Bxc5 16. Qc2 Bd6 17. g3 Bh3 18. Re1 Qf6 19. Be4 Rac8 20. Qe2 Bf5 21. Qf3 Bxe4 22. Qxe4 Qg6 23. Qxg6 hxg6 24. Be3 Bc5 25. Rad1 Bxe3 26. Rxe3 f6 27. Ra3 a6 28. Rb3 Re7 29. Rd2 Rd7 30. Rb6 Rc5 31. b4 Rc4 32. a4 Kf7 33. a5 Ke7 34. Kf1 Kd8 35. Ke2 Kc7 36. b5 axb5 37. Rxb5 Ra4 38. Rc2+ Kb8 39. Rcb2 Ka7 40. Rc5 g5 41. f3 Rd4 42. Rd2 Rxd2+ 43. Kxd2 b6 44. axb6+ Kxb6 45. Rc6+ Kb5 46. Rc8 Rxd5+ 47. Ke3 Rd7 48. Ke4 Rd4+ 49. Ke3 Rd7 50. Ke4 Kb4 51. Rc2 g6 52. Rc8 Rd4+ 53. Ke3 Rd6 54. Ke4 Rd4+ 55. Ke3 Rd6 1/2-1/2

[Event "57.SMM CSK Merania-Deutschnofen/Alp"]
[Site "?"]
[Date "2025.12.13"]
[Round "4.3"]
[White "Lain, Luigi"]
[Black "Zuev, Mikhail"]
[Result "1-0"]
[WhiteElo "2270"]
[BlackElo "1917"]
[PlyCount "85"]
[EventDate "2025.11.15"]
[SourceVersionDate "2024.11.03"]

{[%evp 0,85,19,25,26,-16,13,0,-15,-23,-5,-54,-38,-43,-8,-11,-6,15,18,7,14,19,38,29,23,17,52,27,54,-1,27,41,46,33,22,41,64,80,109,71,91,82,65,108,86,38,105,96,99,135,180,97,101,95,98,98,183,171,179,167,192,189,175,163,168,182,377,354,424,482,745,1520,1449,1562,29995,1604,1814,1814,1814,1063,1337,1750,1539,29984,29985,29986,29991,29992]} 1. d4 d5 2. c4 e6 3. Nc3 Nf6 4. cxd5 exd5 5. Qc2 Bb4 6. Bg5 Be6 7. e3 Nbd7 8. Bd3 h6 9. Bh4 c6 10. Nge2 Qe7 11. f3 Rc8 12. a3 Ba5 13. b4 Bc7 14. h3 Nb6 15. e4 g5 16. Bf2 dxe4 17. fxe4 Bc4 18. O-O Rd8 19. e5 Nfd5 20. Ne4 Bxd3 21. Qxd3 O-O 22. N2g3 f5 23. Nc5 Nf4 24. Qc2 Bb8 25. Nxf5 Qh7 26. Qb3+ Nbd5 27. Ng3 h5 28. Nge4 Qe7 29. Be3 b6 30. Bxf4 gxf4 31. Nd3 Kh8 32. Rac1 Qh4 33. Rf3 Rg8 34. Rxc6 Ne3 35. Rh6+ Kg7 36. Qe6 Nd5 37. Qg6+ Kf8 38. Qf5+ Ke8 39. Re6+ Ne7 40. Nf6+ Kf7 41. Rxe7+ Kxe7 42. Qh7+ Ke6 43. d5+ 1-0

[Event "57.SMM CSK Merania-Deutschnofen/Alp"]
[Site "?"]
[Date "2025.12.13"]
[Round "4.4"]
[White "Battiston, Claudio"]
[Black "Micheli, Carlo"]
[Result "1/2-1/2"]
[WhiteElo "1878"]
[BlackElo "2123"]
[PlyCount "65"]
[EventDate "2025.11.15"]
[SourceVersionDate "2024.11.03"]

{[%evp 0,65,19,26,53,-5,4,-8,24,23,5,11,13,8,2,2,14,17,8,20,20,20,26,11,48,45,33,37,43,16,16,16,20,20,18,15,17,1,-1,-2,-9,-15,19,4,16,7,29,6,14,2,3,6,8,0,19,4,23,28,28,17,26,17,0,-4,17,-12,17,0]} 1. Nf3 c5 2. g3 Nc6 3. Bg2 g6 4. c4 Bg7 5. Nc3 d6 6. O-O Nf6 7. d4 cxd4 8. Nxd4 Bd7 9. b3 O-O 10. Bb2 a6 11. Qd2 Rb8 12. Nxc6 bxc6 13. Rad1 Qc8 14. Ne4 Nxe4 15. Bxe4 Bxb2 16. Qxb2 a5 17. Qc3 Qc7 18. Rb1 c5 19. a3 Rfc8 20. Rfc1 Qb6 21. Rb2 Rc7 22. Rcb1 Rbc8 23. h4 Bc6 24. Qd3 Qb7 25. Bxc6 Qxc6 26. h5 Qd7 27. hxg6 hxg6 28. Kg2 Qe6 29. Rh1 Qf6 30. Qd2 Rb7 31. Rbb1 Ra8 32. Qh6 Qg7 33. Qd2 1/2-1/2

[Event "57.SMM CSK Merania-Deutschnofen/Alp"]
[Site "?"]
[Date "2025.12.13"]
[Round "4.5"]
[White "Welsch, Ulrich"]
[Black "Franceschini, Christoph"]
[Result "1-0"]
[WhiteElo "1859"]
[BlackElo "1743"]
[PlyCount "99"]
[EventDate "2025.11.15"]
[SourceVersionDate "2024.11.03"]

{[%evp 0,99,18,29,26,9,4,14,-22,-28,-26,-20,19,-2,18,18,-4,2,24,10,15,10,25,22,22,-30,-19,-19,-23,-35,-31,-47,-15,-22,-26,-16,21,2,112,50,15,-4,37,17,16,16,16,3,27,5,35,44,115,149,157,123,109,113,220,138,310,370,304,304,326,333,406,438,488,488,482,194,230,242,242,240,240,240,234,234,492,232,291,212,218,218,229,239,248,241,295,241,249,200,242,177,260,309,300,268,263,307]} 1. d4 Nf6 2. g3 d5 3. Bg2 c5 4. Nf3 Nc6 5. O-O cxd4 6. Nxd4 e5 7. Nxc6 bxc6 8. c4 Be7 9. Bg5 e4 10. Nc3 Be6 11. Qa4 O-O 12. Qxc6 Rc8 13. Qa6 Rxc4 14. Rad1 Qa8 15. Be3 Bc5 16. Bxc5 Rxc5 17. Rd4 h5 18. f3 e3 19. Qd6 Rfc8 20. Qf4 Qb8 21. Qxe3 Rc4 22. Rxc4 Rxc4 23. Qd2 h4 24. f4 d4 25. Ne4 Ng4 26. b3 Rb4 27. Rc1 hxg3 28. hxg3 Qb6 29. Nc5 Bc4 30. Nd7 Qh6 31. Qxb4 Qh2+ 32. Kf1 Bxe2+ 33. Kxe2 Qxg2+ 34. Kd3 Qf3+ 35. Kc4 Qe2+ 36. Kxd4 Qe3+ 37. Kd5 Qxc1 38. Qf8+ Kh7 39. Qxf7 Ne3+ 40. Kd6 Qd2+ 41. Ke7 Nd5+ 42. Ke6 Nc7+ 43. Kf5 Qd3+ 44. Kg4 Qe2+ 45. Kf5 Qd3+ 46. Ke5 Qe3+ 47. Kd6 Nb5+ 48. Kc6 Nd4+ 49. Kb7 Qe4+ 50. Kxa7 1-0